000 00449nam a22001457a 4500
999 _c1268
_d1268
008 200120b ||||| |||| 00| 0 eng d
082 0 0 _a621.38
_bB86293
100 _9857
_aBriton, K. G.
245 1 0 _aElectronic developments: dealing with the history and principles of electronics and electroic devices
_cby K G Briton
260 _aLondon
_bGeorge Newnes Ltd.
_c1947
300 _aviii,208p.
365 _d5.03
650 0 _aElectronics
942 _cBK